000 00485 a2200193 4500
001 116144
041 _aeng
082 _a500
650 4 _aScience
650 4 _xStudy and teaching
700 _aJeff Boulton et al.
856 _u000026/000026a3.jpg
040 _aBR-BrIDEA
_cBR-BrIDEA
090 _aP Year 8 500
_bPEA
245 1 0 _aPearson Science 8
_bSaskastchewan edition
_cJeff Boulton et al
260 _bPearson Canada
_c2013
300 _a424 p.
_bcol. ill.
942 _cBK
999 _c116144
_d116144